000 002600000a22000970004500
100 1 _aDavidson, Allan K.
245 1 0 _aThe legacy of Robert Henry Codrington
300 _aVol. 27, Núm 4 (2003), Páginas 171-176
773 0 _tInternational Bulletin
942 _cANA
999 _c57223
_d57223